Les 25 objets les plus massifs du système solaire - Statistiques

Statistiques générales
  • Ce quiz a été pris 189 fois
  • Le résultat moyen est 15 sur 25
Statistiques - réponses
Rang Type de quiz Nom % Correct
1 Etoile Soleil
99%
6 Planète Terre
99%
8 Planète Mars
98%
2 Planète Jupiter
97%
3 Planète Saturne
97%
7 Planète Vénus
97%
4 Planète Neptune
96%
18 Planète naine Pluton
96%
9 Planète Mercure
95%
5 Planète Uranus
94%
14 Satellite Lune
91%
15 Satellite Europe
61%
13 Satellite Io
61%
11 Satellite Titan
59%
10 Satellite Ganymède
45%
12 Satellite Callisto
36%
16 Satellite Triton
35%
21 Planète naine Makémaké
29%
17 Planète naine Eris
28%
19 Planète naine Hauméa
21%
24 Satellite Rhéa
19%
20 Satellite Titania
19%
23 Planète naine Sedna
16%
25 Satellite Japet
15%
22 Satellite Obéron
15%
Aucun quiz correspondant
Distribution des résultats
% des personnes avec chaque résultat
Percentile par nombre de réponses
Votre historique - résultats
Vous n’avez pas pris ce quiz